00254nam a2200085Ia 4500100001800000245004400018260006000062300000700122504003900129 aVerma, Arvind 0aWhy people commit crime: an exploration bIndian Council of Social Science Research, New Delhic0 a41 aIncludes appendix and bibliography